<?xml version="1.0" encoding="UTF-8"?>
<record
    xmlns:xsi="http://www.w3.org/2001/XMLSchema-instance"
    xsi:schemaLocation="http://www.loc.gov/MARC21/slim http://www.loc.gov/standards/marcxml/schema/MARC21slim.xsd"
    xmlns="http://www.loc.gov/MARC21/slim">

  <leader>00436nam a22001817a 4500</leader>
  <controlfield tag="008">240309b        |||||||| |||| 00| 0 eng d</controlfield>
  <datafield tag="020" ind1=" " ind2=" ">
    <subfield code="a">9781032452517</subfield>
  </datafield>
  <datafield tag="040" ind1=" " ind2=" ">
    <subfield code="a">30</subfield>
  </datafield>
  <datafield tag="082" ind1=" " ind2=" ">
    <subfield code="a">617 CON</subfield>
  </datafield>
  <datafield tag="100" ind1=" " ind2=" ">
    <subfield code="a">O'CONNELL , P. RONAN</subfield>
  </datafield>
  <datafield tag="110" ind1=" " ind2=" ">
    <subfield code="b">AYURVEDA</subfield>
  </datafield>
  <datafield tag="245" ind1=" " ind2=" ">
    <subfield code="a">BAILEY &amp; LOVE'S SHORT PRACTICE OF SURGERY VOL-2</subfield>
  </datafield>
  <datafield tag="250" ind1=" " ind2=" ">
    <subfield code="a">28 TH</subfield>
  </datafield>
  <datafield tag="260" ind1=" " ind2=" ">
    <subfield code="a">NEW DELHI</subfield>
    <subfield code="b">CRC PRESS</subfield>
    <subfield code="c">2023</subfield>
  </datafield>
  <datafield tag="300" ind1=" " ind2=" ">
    <subfield code="a">1675</subfield>
  </datafield>
  <datafield tag="650" ind1=" " ind2=" ">
    <subfield code="a">SURGERY</subfield>
  </datafield>
  <datafield tag="942" ind1=" " ind2=" ">
    <subfield code="c">01</subfield>
  </datafield>
  <datafield tag="999" ind1=" " ind2=" ">
    <subfield code="c">58499</subfield>
    <subfield code="d">58499</subfield>
  </datafield>
  <datafield tag="952" ind1=" " ind2=" ">
    <subfield code="0">0</subfield>
    <subfield code="1">0</subfield>
    <subfield code="2">ddc</subfield>
    <subfield code="4">0</subfield>
    <subfield code="6">617_000000000000000_CON</subfield>
    <subfield code="7">0</subfield>
    <subfield code="9">528103</subfield>
    <subfield code="a">30</subfield>
    <subfield code="b">30</subfield>
    <subfield code="d">2024-03-07</subfield>
    <subfield code="e">ARISTA</subfield>
    <subfield code="l">0</subfield>
    <subfield code="o">617 CON</subfield>
    <subfield code="p">30-B-7387</subfield>
    <subfield code="r">2024-03-09</subfield>
    <subfield code="w">2024-03-09</subfield>
    <subfield code="y">01</subfield>
  </datafield>
  <datafield tag="952" ind1=" " ind2=" ">
    <subfield code="0">0</subfield>
    <subfield code="1">0</subfield>
    <subfield code="2">ddc</subfield>
    <subfield code="4">0</subfield>
    <subfield code="6">617_000000000000000_CON</subfield>
    <subfield code="7">0</subfield>
    <subfield code="9">528104</subfield>
    <subfield code="a">30</subfield>
    <subfield code="b">30</subfield>
    <subfield code="d">2024-03-07</subfield>
    <subfield code="e">ARISTA</subfield>
    <subfield code="l">2</subfield>
    <subfield code="o">617 CON</subfield>
    <subfield code="p">30-B-7388</subfield>
    <subfield code="r">2026-02-17</subfield>
    <subfield code="s">2026-02-10</subfield>
    <subfield code="w">2024-03-09</subfield>
    <subfield code="y">01</subfield>
  </datafield>
  <datafield tag="952" ind1=" " ind2=" ">
    <subfield code="0">0</subfield>
    <subfield code="1">0</subfield>
    <subfield code="2">ddc</subfield>
    <subfield code="4">0</subfield>
    <subfield code="6">617_000000000000000_CON</subfield>
    <subfield code="7">0</subfield>
    <subfield code="9">528105</subfield>
    <subfield code="a">30</subfield>
    <subfield code="b">30</subfield>
    <subfield code="d">2024-03-07</subfield>
    <subfield code="e">ARISTA</subfield>
    <subfield code="l">0</subfield>
    <subfield code="o">617 CON</subfield>
    <subfield code="p">30-B-7389</subfield>
    <subfield code="r">2024-03-09</subfield>
    <subfield code="w">2024-03-09</subfield>
    <subfield code="y">01</subfield>
  </datafield>
  <datafield tag="952" ind1=" " ind2=" ">
    <subfield code="0">0</subfield>
    <subfield code="1">0</subfield>
    <subfield code="2">ddc</subfield>
    <subfield code="4">0</subfield>
    <subfield code="6">617_000000000000000_CON</subfield>
    <subfield code="7">0</subfield>
    <subfield code="9">528106</subfield>
    <subfield code="a">30</subfield>
    <subfield code="b">30</subfield>
    <subfield code="d">2024-03-07</subfield>
    <subfield code="e">ARISTA</subfield>
    <subfield code="l">1</subfield>
    <subfield code="o">617 CON</subfield>
    <subfield code="p">30-B-7390</subfield>
    <subfield code="r">2026-02-17</subfield>
    <subfield code="s">2026-02-12</subfield>
    <subfield code="w">2024-03-09</subfield>
    <subfield code="y">01</subfield>
  </datafield>
  <datafield tag="952" ind1=" " ind2=" ">
    <subfield code="0">0</subfield>
    <subfield code="1">0</subfield>
    <subfield code="2">ddc</subfield>
    <subfield code="4">0</subfield>
    <subfield code="6">617_000000000000000_CON</subfield>
    <subfield code="7">0</subfield>
    <subfield code="9">528107</subfield>
    <subfield code="a">30</subfield>
    <subfield code="b">30</subfield>
    <subfield code="d">2024-03-07</subfield>
    <subfield code="e">ARISTA</subfield>
    <subfield code="l">3</subfield>
    <subfield code="o">617 CON</subfield>
    <subfield code="p">30-B-7391</subfield>
    <subfield code="r">2026-04-25</subfield>
    <subfield code="s">2026-04-18</subfield>
    <subfield code="w">2024-03-09</subfield>
    <subfield code="y">01</subfield>
  </datafield>
</record>
